ბათუმის შოთა რუსთაველის სახელმწიფო უნივერსიტეტის ბიბლიოთეკა

წმინდა იოანე ოქროპირი / (ბიბ.ჩანაწერი № 45492)

000 -ლიდერი
ფიქსირებული სიგრძის საკონტროლო ველი 01325nam a2200253Ia 4500
001 - საკონტროლო ნომერი
საკონტროლო ველი 12317
003 - საკონტროლო ნომრის იდენტიფიკატორი
საკონტროლო ველი GE_BSU
005 - ბოლო ოპერაციის თარიღი და დრო
საკონტროლო ველი 20240708160555.0
008 - ფიქსირებული სიგრძის მონაცემთა ელემენტები - ზოგადი ინფორმაცია
ფიქსირებული სიგრძის საკონტროლო ველი 181216s2014||||ge |||||||||||||| ||geo||
020 ## - წიგნის საერთაშორისო სტანდარტული ნომერი
International Standard Book Number 9789941216992
040 ## - კატალოგიზაციის წყარო
Transcribing agency GE_BSU
041 ## - ენის კოდი
Language code of text/sound track or separate title geo
080 ## - უნივერსალური ათობითი კლასიფიკაციის ინდექსი
Universal Decimal Classification number 27-36 წ-714
245 ## - ცნობა სათაურის შესახებ
Title წმინდა იოანე ოქროპირი /
Statement of responsibility, etc პროექტის რედ. თამარ მამაცაშვილი ; შემდგ. : მანანა ტუაევა, კახაბერ კენკიშვილი.
264 ## - წარმოების, გამოცემის, დისტრიბუციის და სხვა ცნობები
გამოცემის, წარმოების, დისტრიბუციის... ადგილი თბილისი :
გამოცემის, წარმოების, დისტრიბუციის... სახელწოდება პალიტრა L,
გამოცემის, წარმოების, დისტრიბუციის... თარიღი 2014.
300 ## - ფიზიკური აღწერა
Extent 222 გვ. ;
Dimensions 20 სმ.
490 ## - სერიის ცნობა
Series statement ყველა წმინდანი, რომელთა შესახებაც უნდა იცოდე. საქართველოს იმედი
Volume number/sequential designation II.წ. 4.
653 ## - INDEX TERM--UNCONTROLLED
Uncontrolled term წმინდა იოანე ოქროპირი
700 ## - ADDED ENTRY--PERSONAL NAME
Personal name მამაცაშვილი, თამარ
Relator term პროექტის რედაქტორი
9 (RLIN) 22758
700 ## - ADDED ENTRY--PERSONAL NAME
Personal name ტუაევა, მანანა
Relator term შემდგენელი
9 (RLIN) 22759
700 ## - ADDED ENTRY--PERSONAL NAME
Personal name კენკიშვილი, კახაბერ
Relator term შემდგენელი
9 (RLIN) 22760
942 ## - ADDED ENTRY ELEMENTS (KOHA)
Koha item type წიგნი
Source of classification or shelving scheme
ეგზემპლარები
ჩამოწერის სტატუსი დაკარგული ეგზემპლარის სტატუსი კლასიფიკაციის წყარო ან თაროზე გაწყობის სქემა დაზიანების სტატუსი არ გაიცემა მუდმივი მდებარეობა (დაცვის ადგილი) ამჟამინდელი ადგილსამყოფელი თაროზე განთავსების ადგილი შეძენის თარიღი ღირებულება, შესყიდვის ნორმალური ფასი სრული შენახვის შიფრი შტრიხკოდი ბოლო ოპერაციის თარიღი ეგზემპლარის მიმდევრობითი ნომერი (კეტერი?) ფასის ძალაში შესვლის თარიღი ეგზემპლარის სახეობა საჯარო შენიშვნა
          ბათუმის შოთა რუსთაველის სახელმწიფო უნივერსიტეტის მთავარი ბიბლიოთეკა ბათუმის შოთა რუსთაველის სახელმწიფო უნივერსიტეტის მთავარი ბიბლიოთეკა წიგნსაცავი 2018-12-17 2.00 27-36 წ-714 27103 2018-12-17 27103 2018-12-17 წიგნი 2.00 ₾.